00983nam a22002417a 4500999001500000003000900015008004100024020001800065040007100083082002300154100002500177245008100202260008200283300002900365505006600394650003000460650004200490650004100532700004700573942001600620945000900636952009600645 c8454d8454AR-CdUCM190325b ||||| |||| 00| 0 spa d a9786124188770 aMUNICIPALIDAD PROVINCIAL DEL CUSCOcBIBLIOTECA MUNICIPAL DEL CUSCO a398.20985 / bP34P aPease G.Y., Franklin aEl pensamiento mítico : bantología /cFranklin Pease García-Yrigoyen aPuno : bUniversidad Nacional del Altiplano : b[Altiplano E.I.R.L.], c2015. a235 páginas ; c21 cm. aContenido: Estudios americanos -- El pensamiento mítico ... aMitología peruana99864 aReligión indígena - Perú923718 aReligión aborigen - Peerú923719 aMould de Pease, Mariana (Epílogo)923720 2ddccLIBROS alccs 002ddc4070aSHbSHcCARTd2019-03-25o398.20985 / P34PpSH0000008748r2019-03-25yLIBROS